| 000 | 01193nam a2200301 i 4500 | ||
|---|---|---|---|
| 001 | 000026162 | ||
| 003 | DO-SdBNP | ||
| 005 | 20241030143459.0 | ||
| 007 | ta | ||
| 008 | 110303s1978 dr 000 0 spa d | ||
| 040 |
_aDO-SdBNP _bspa _cBNPHU _erda |
||
| 082 | 4 |
_a724 _bG191p _222 |
|
| 100 | 1 |
_aGamble, Robert S., _953149 _eautor _4aut. |
|
| 245 | 1 | 0 |
_aPuerto Plata : _bla conservación de una ciudad. Inventario / _cRobert S. Gamble, José Augusto Puig Ortíz |
| 264 | 4 |
_aSanto Domingo : _bEditora Banco Central de la República Dominicana, _c1978. |
|
| 300 |
_a586 páginas : _bilustraciones, retratos ; _c28 cm. |
||
| 336 |
_atexto _btxt _2rdacontent |
||
| 337 |
_asin mediación _bn _2rdamedia |
||
| 338 |
_avolumen _bnc _2rdacarrier |
||
| 590 | _aInventariado, 2018/LP | ||
| 650 | 4 |
_aArquitectura _zRepública Dominicana, Puerto Plata _953150 |
|
| 650 | 4 |
_aMonumentos historicos _zRepública Dominicana, Puerto Plata _953151 |
|
| 651 | 4 |
_aPuerto Plata, República Dominicana _xHistoria Local _91943 |
|
| 700 | 1 | 2 |
_aCamble, Robert S. _953152 |
| 700 | 1 | 2 |
_aPuig Ortíz, José Augusto, _tEnsayo Historico-Arquitectónico _953153 |
| 910 | _aValidado. Control de calidad MFF | ||
| 942 |
_2ddc _cLBS1 |
||
| 999 |
_c25654 _d25654 |
||